Gas nobili - Statistics

Statistiche generali
  • Questo quiz è stato fatto 9 volte
  • Il punteggio medio è 5 su 6
Statistiche sulle risposte
Z Simbolo Elemento % Corretto
2 He Elio
100%
10 Ne Neon
88%
54 Xe Xeno
88%
18 Ar Argon
75%
36 Kr Kripton
75%
86 Rn Radon
75%
Nessun quiz corrispondente trovato
Distribuzione punteggi
Percentuale di utenti per punteggio
Percentile per numero di risposta
I tuoi punteggi nel tempo
Non hai fatto questo quiz